logo

Bir Sreshtho Munshi Abdur Rouf Library
Jhenaidah Cadet College

Siddhartha / (Record no. 12027)

MARC details
000 -LEADER
fixed length control field 00673nam a2200253 a 4500
001 - CONTROL NUMBER
JCCL Control Number 120027
003 - CONTROL NUMBER IDENTIFIER
JCCL marc code BD-JhCC
005 - DATE AND TIME OF LATEST TRANSACTION
control field 20230105134024.0
008 - FIXED-LENGTH DATA ELEMENTS--GENERAL INFORMATION
fixed length control field 210308b20032018ii |||| ||a| 000 0 eng d
020 ## - INTERNATIONAL STANDARD BOOK NUMBER
International Standard Book Number 978812910241
035 ## - SYSTEM CONTROL NUMBER
system control number (BD-JhCC)12027
040 ## - CATALOGING SOURCE
Original cataloging agency BD-JhCC
Modifying agency BD-JhCC
041 ## - LANGUAGE CODE
Language code of Book eng
082 ## - DEWEY DECIMAL CLASSIFICATION NUMBER
Classification number 833.912
Author mark and Year HES 2018
100 ## - MAIN ENTRY--PERSONAL NAME
Personal name Hesse,Hermann
245 ## - TITLE STATEMENT
Title Siddhartha /
Statement of responsibility, etc Hermann Hesse,Tran: Halda Rosener
260 ## - PUBLICATION, DISTRIBUTION, ETC. (IMPRINT)
Place of publication, distribution, etc New Delhi:
Name of publisher, distributor, etc Rupa;
Date of publication, distribution, etc 2018.
300 ## - PHYSICAL DESCRIPTION
Pagination 121 p. :
Dimensions 21 cm.
650 ## - SUBJECT ADDED ENTRY--TOPICAL TERM
Topical term or geographic name as entry element India
651 ## - SUBJECT ADDED ENTRY--GEOGRAPHIC NAME
Geographic name Buddhism
General subdivision Buddhist philosophy
Chronological subdivision Manners and customs
Geographic subdivision Religion
700 ## - ADDED ENTRY--PERSONAL NAME
Personal name Rosener, Halda
942 ## - ADDED ENTRY ELEMENTS (KOHA)
Source of classification or shelving scheme Dewey Decimal Classification
Koha item type Books
Koha issues (borrowed), all copies 1
Holdings
Source of classification or shelving scheme Damaged status Not for loan Home library Current library Shelving location Date of accession Source of acquisition Cost, normal purchase price Total Checkouts Full call number Barcode Date last seen Date checked out Copy number Koha item type
Dewey Decimal Classification     JCC Rouf Library JCC Rouf Library General Stacks 03/08/2021 Lt. Gen. Mahfuzur Rahman (10th intake) 502.00 2 833.912 HES 2018 16173 03/03/2024 02/29/2024 C-1 Books

JCC Library | Contacts | JCC Home

Last Update on 23 September 2017
Copyright @ 2017-2020 JCC Rouf Library
Rouf Library, Jhenidah Cadet College (JCC), Bangladesh